Click Languages on a Map - Statistics

General Stats
  • This quiz has been taken 294 times
  • The average score is 10 of 10
Answers on the Map
Answers color-coded by a green-red scale on the quiz's map according to % correct below.
 
Answer Stats
Answer % Correct
Portuguese
99%
Arabic
98%
English
98%
Mandarin
98%
Russian
98%
German
97%
Spanish
97%
Korean
96%
French
95%
Hindi
94%
No matching quizzes found
Score Distribution
Percent of People with Each Score
Percentile by Number Answered
Your Score History
You have not taken this quiz